Statistics for Mayors of Louisville by Picture

Click here to take the quiz!

General Stats

  • This quiz has been taken 2 times
  • The average score is 2 of 9

Answer Stats

Answer% Correct
Greg Fischer
100%
Jerry Abramson
50%
P. Booker Reed
0%
Paul C. Barth
0%
Robert W. Bingham
0%
Arthur A. Will
0%
Charles R. Farnsley
0%
William O. Cowger
0%
Frank W. Burke
0%

Score Distribution

Percentile by Number Answered

Percent of People with Each Score

Your Score History

You have not taken this quiz